000 00602nam a2200205 a 4500
001 BRCA_7545
005 20190320205900.0
008 310513s1958----nyua######---#000-0#eng-#
041 _aeng
044 _anyu
050 4 _aTR15
_b.P65 1958
100 1 _aPollack, Peter
_918607
245 1 0 _aThe picture history of photography
_bfrom the earliest beginnings to the present day
_cby Peter Pollack.
260 _aNueva York
_bH. N. Abrams
_c1958
300 _a624 p.
_bil. (algunas a color), fotos
_c29 cm.
500 _aS21
650 1 4 _aFotografĂ­a
_xHistoria
_914547
902 _aGFM
942 _2lcc
_cB
999 _c7219
_d7219